000 00643cam a2200145 4500500
005 20260208010538.0
041 _afre
042 _adc
100 1 0 _aVaysse, Jean-Marie
_eauthor
245 0 0 _aJean Greisch, Le buisson ardent et les lumières de la raison. L’invention de la philosophie de la religion, t. III : Vers un paradigme herméneutique, Paris, Le Cerf, 2004, 1 025 p.
260 _c2005.
500 _a1
786 0 _nRevue philosophique de la France et de l'étranger | 130 | 1 | 2005-03-01 | p. 77g-130g | 0035-3833
856 4 1 _uhttps://shs.cairn.info/revue-philosophique-2005-1-page-77g?lang=fr&redirect-ssocas=7080
999 _c1657050
_d1657050